Countries Containing Letter Y - Statistics

General Stats
  • This quiz has been taken 52 times
  • The average score is 15 of 19
Answer Stats
Answer % Correct
Italy
95%
Yemen
95%
Germany
90%
Paraguay
90%
Uruguay
90%
Hungary
88%
Norway
88%
Libya
85%
Turkey
85%
Malaysia
76%
Syria
76%
Egypt
71%
Myanmar
71%
Kenya
66%
Kyrgyzstan
66%
Seychelles
63%
Cyprus
61%
Guyana
61%
Vatican City
59%
No matching quizzes found
Score Distribution
Percent of People with Each Score
Percentile by Number Answered
Your Score History
You have not taken this quiz